Surviving bear Island / (Record no. 647)
[ view plain ]
| 000 -LEADER | |
|---|---|
| fixed length control field | 01037cam a22002055i 4500 |
| 005 - DATE AND TIME OF LATEST TRANSACTION | |
| control field | 20230628090043.0 |
| 020 ## - INTERNATIONAL STANDARD BOOK NUMBER | |
| International Standard Book Number | 9780985481094 |
| 040 ## - CATALOGING SOURCE | |
| Original cataloging agency | DLC |
| Language of cataloging | eng |
| Description conventions | rda |
| Transcribing agency | DLC |
| 100 1# - MAIN ENTRY--PERSONAL NAME | |
| Personal name | Greci, Paul. |
| 245 10 - TITLE STATEMENT | |
| Title | Surviving bear Island / |
| Statement of responsibility, etc. | Paul Greci. |
| 300 ## - PHYSICAL DESCRIPTION | |
| Extent | pages cm |
| 505 ## - FORMATTED CONTENTS NOTE | |
| Formatted contents note | M |
| 520 ## - SUMMARY, ETC. | |
| Summary, etc. | This thrilling adventure begins after a sea kayaking trip takes a dangerous turn and Tom Parker is stranded on the remote, outer coast of the unpopulated Bear Island in the rough terrains of the Alaskan wilderness. With only a small survival kit in his pocket, Tom finds himself soaked and freezing, and worst of all--alone. Desperate to find his father, Tom doesn't know how long he can survive and he must put his skills to the test as he fights to reach safety. Will Tom make it through a wilderness full of bears and other dangers? |
| 521 ## - TARGET AUDIENCE NOTE | |
| Target audience note | 780 <br/> |
| Source | Lexile |
| 521 ## - TARGET AUDIENCE NOTE | |
| Target audience note | M <br/> |
| Source | Raz-Plus |
| 906 ## - LOCAL DATA ELEMENT F, LDF (RLIN) | |
| a | 0 |
| b | ibc |
| c | orignew |
| d | 2 |
| e | epcn |
| f | 20 |
| g | y-gencatlg |
| 942 ## - ADDED ENTRY ELEMENTS (KOHA) | |
| Source of classification or shelving scheme | Dewey Decimal Classification |
| Koha item type | Books |
| Suppress in OPAC | No |
| 999 ## - | |
| -- | 647 |
| -- | 647 |
| Withdrawn status | Lost status | Source of classification or shelving scheme | Damaged status | Not for loan | Collection | Home library | Current library | Shelving location | Date acquired | Total Checkouts | Full call number | Barcode | Date last seen | Date last checked out | Price effective from | Koha item type |
|---|---|---|---|---|---|---|---|---|---|---|---|---|---|---|---|---|
| Dewey Decimal Classification | Juvenile Fiction | Footprints International School Library Network Toul Kork Campus | Footprints International School Library Network Toul Kork Campus | TK Primary Library Room(4th Floor), Bookcase 5&6, Shelves 33-56, Orange Books | 06/28/2023 | 2 | GRE Fic PS3607.R43 | FISTK05468 | 01/12/2024 | 11/22/2023 | 06/28/2023 | Books |
